[Event "FRA-chT Top 16 GpB"]
[Site "France"]
[Date "2007.02.11"]
[Round "3.8"]
[White "Vernhet, Alexia"]
[Black "Wolfangel, Florence"]
[Result "0-1"]
[WhiteElo "1771"]
[BlackElo "1963"]
[PlyCount "74"]
[EventDate "2007.02.09"]
[EventType "team"]
[EventRounds "11"]
[EventCountry "FRA"]
[SourceTitle "CBM 116 Extra"]
[Source "ChessBase"]
[SourceDate "2007.03.07"]
[SourceVersion "1"]
[SourceVersionDate "2007.03.07"]
[SourceQuality "1"]
[WhiteTeam "Montpellier"]
[BlackTeam "Drancy"]
[WhiteTeamCountry "FRA"]
[BlackTeamCountry "FRA"]

1. d4 e6 2. c4 b6 3. Nc3 Bb7 4. Nf3 f5 5. e3 Nf6 6. b3 Bb4 7. Bb2 Ne4 8. Rc1 0-0 9. Be2 d6 10. 0-0 Bxc3 11. Bxc3 Nd7 12. Bb2 Ndf6 13. Ne1 c5 14. Nd3 Qe7 15. Qc2 Nd7 16. Rfd1 Qg5 17. Nf4 Qe7 18. dxc5 bxc5 19. Bf3 g5 20. Nd3 g4 21. Be2 e5 22. Rf1 Rf6 23. f4 gxf3 24. Bxf3 Rh6 25. Nf2 Qh4 26. h3 Ndf6 27. Nxe4 Nxe4 28. Qd1 Qg5 29. Kh2 Qg3+ 30. Kh1 Rb8 31. Qe2 Kf7 32. Rcd1 Rg8 33. Qc2 Rxh3+ 34. gxh3 Qxh3+ 35. Qh2 Nf2+ 36. Rxf2 Bxf3+ 37. Rg2 Bxg2+ 0-1

[Event "FRA-chT2 0405"]
[Site "France"]
[Date "2005.03.13"]
[Round "9.9"]
[White "Vernhet, Alexia"]
[Black "Cwiek, Perrine"]
[Result "0-1"]
[WhiteElo "1970"]
[BlackElo "1690"]
[PlyCount "98"]
[EventDate "2004.10.10"]
[EventType "team"]
[EventRounds "11"]
[EventCountry "FRA"]
[SourceTitle "EXT 2006"]
[Source "ChessBase"]
[SourceDate "2005.11.24"]
[SourceVersion "1"]
[SourceVersionDate "2005.11.24"]
[SourceQuality "1"]
[WhiteTeam "Montpellier  II"]
[BlackTeam "Tournefeuille"]
[WhiteTeamCountry "FRA"]
[BlackTeamCountry "FRA"]

1. d4 d5 2. c4 c6 3. Nc3 Nf6 4. Nf3 e6 5. Bg5 Be7 6. e3 0-0 7. Bd3 Nbd7 8. 0-0 dxc4 9. Bxc4 b5 10. Bd3 a6 11. Qc2 Bb7 12. Ne5 h6 13. Nxd7 Nxd7 14. Bxe7 Qxe7 15. Ne4 e5 16. Nc5 Bc8 17. Be4 Qf6 18. Rfd1 Rd8 19. Nxd7 Bxd7 20. dxe5 Qxe5 21. Bxc6 Bxc6 22. Qxc6 Qxb2 23. Rdb1 Qe2 24. Qe4 Rac8 25. Re1 Qc2 26. Qf3 Rd2 27. g3 Qc4 28. a3 a5 29. e4 Rcd8 30. Rac1 Rc2 31. Rcd1 Rdd2 32. e5 Rxd1 33. Rxd1 Rc1 34. Rxc1 Qxc1+ 35. Kg2 Qe1 36. Qa8+ Kh7 37. Qd5 Qc3 38. Qxf7 Qxe5 39. Qf3 b4 40. axb4 axb4 41. h4 Qb5 42. Qe4+ Kg8 43. Qe6+ Kf8 44. Qd6+ Kf7 45. Qc7+ Kg6 46. Qd6+ Kh7 47. h5 b3 48. Qg6+ Kh8 49. Qb1 Qc6+ 0-1

[Event "France-ch U18 Girls"]
[Site "Reims"]
[Date "2004.04.18"]
[Round "1"]
[White "Vernhet, Alexia"]
[Black "Chaumont, Adeline"]
[Result "0-1"]
[WhiteElo "1770"]
[BlackElo "2075"]
[PlyCount "90"]
[EventDate "2004.04.??"]
[EventType "swiss"]
[EventRounds "9"]
[EventCountry "FRA"]
[SourceTitle "EXT 2005"]
[Source "ChessBase"]
[SourceDate "2004.11.15"]
[SourceVersion "1"]
[SourceVersionDate "2004.11.15"]
[SourceQuality "1"]

1. d4 Nf6 2. c4 e6 3. Nc3 d5 4. Bg5 c6 5. e3 Nbd7 6. Bd3 dxc4 7. Bxc4 b5 8. Bb3 a6 9. Nf3 Bb7 10. 0-0 c5 11. Bc2 cxd4 12. Nxd4 Be7 13. a3 h6 14. Bh4 0-0 15. Qe2 Qc7 16. Rac1 Qb6 17. Rfd1 Bc5 18. Nf3 Rac8 19. Rd2 Be7 20. Rxd7 Nxd7 21. Bxe7 Rfe8 22. Bh4 Rc4 23. Qd3 Nf8 24. Bg3 Ng6 25. Ne5 Nxe5 26. Qh7+ Kf8 27. Bxe5 Rg4 28. Ne4 Rd8 29. h3 Rg6 30. Ng3 Rg5 31. Bd4 Qc6 32. Qe4 Qc7 33. Qd3 e5 34. Bc5+ Ke8 35. Qc3 Rc8 36. Bb4 Qd7 37. Qd2 Qc6 38. e4 f5 39. Bc3 Rd8 40. Qe2 f4 41. Nf1 Qg6 42. Qf3 Bc8 43. Bd1 Rd3 44. h4 Rxf3 45. Bxf3 Rxg2+ 0-1

[Event "FRA-ch U16 Girls"]
[Site "Le Grand Bornand"]
[Date "2003.??.??"]
[Round "8.10"]
[White "Vernhet, Alexia"]
[Black "Hamsany, Marie"]
[Result "0-1"]
[WhiteElo "1560"]
[BlackElo "1730"]
[PlyCount "104"]
[EventDate "2003.??.??"]
[EventType "swiss"]
[EventRounds "9"]
[EventCountry "FRA"]
[SourceTitle "EXT 2004"]
[Source "ChessBase"]
[SourceDate "2003.11.25"]
[SourceVersion "1"]
[SourceVersionDate "2003.11.25"]
[SourceQuality "1"]

1. d4 d5 2. c4 c6 3. Nc3 Nf6 4. Bg5 e6 5. e3 a6 6. c5 Nbd7 7. Bd3 e5 8. Bf5 Be7 9. b4 h6 10. Bh4 b5 11. a4 Bb7 12. Nge2 0-0 13. a5 e4 14. Qc2 g6 15. Bh3 Nh7 16. Bxe7 Qxe7 17. 0-0-0 f5 18. g3 Ng5 19. Bg2 Kf7 20. Nf4 Rg8 21. h4 Ne6 22. Nce2 Raf8 23. h5 g5 24. Ng6 Rxg6 25. hxg6+ Kxg6 26. Rh2 Nf6 27. Bh3 Rh8 28. Rdh1 Ng7 29. Nc3 h5 30. Qe2 Bc8 31. Rf1 Qc7 32. Bg2 h4 33. Rhh1 Rh5 34. gxh4 gxh4 35. f3 Kh7 36. fxe4 dxe4 37. Rf4 Ng4 38. Bh3 Ne6 39. Rff1 Ng5 40. Bxg4 fxg4 41. Rf4 Qe7 42. Qc2 Kh6 43. Nxe4 Nxe4 44. Qxe4 Qxe4 45. Rxe4 h3 46. Re8 Bf5 47. e4 Bg6 48. Rh8+ Bh7 49. Re8 g3 50. Re6+ Bg6 51. Re5 g2 52. Rxh5+ Bxh5 0-1